African womanhood in colonial Kenya, 1900-50 (Record no. 645994)

MARC details
000 -LEADER
fixed length control field 00761nam a2200265Ia 4500
003 - CONTROL NUMBER IDENTIFIER
control field OSt
005 - DATE AND TIME OF LATEST TRANSACTION
control field 20220926024947.0
008 - FIXED-LENGTH DATA ELEMENTS--GENERAL INFORMATION
fixed length control field 220923b |||||||| |||| 00| 0 eng d
020 ## - INTERNATIONAL STANDARD BOOK NUMBER
International Standard Book Number 0852554451
037 ## - SOURCE OF ACQUISITION
Terms of availability General Book
040 ## - CATALOGING SOURCE
Original cataloging agency RTL
Transcribing agency RTL
Language of cataloging eng
041 ## - LANGUAGE CODE
Source of code eng
Language code of text/sound track or separate title eng
100 ## - MAIN ENTRY--PERSONAL NAME
Personal name Kanogo Tabitha
9 (RLIN) 21843
245 #0 - TITLE STATEMENT
Title African womanhood in colonial Kenya, 1900-50
260 ## - PUBLICATION, DISTRIBUTION, ETC.
Place of publication, distribution, etc. Oxford
Name of publisher, distributor, etc. James Currey
Date of publication, distribution, etc. 2005
300 ## - PHYSICAL DESCRIPTION
Extent xi,268p
Dimensions cm.
490 ## - SERIES STATEMENT
Series statement Eastern African Studies
500 ## - GENERAL NOTE
General note Bibliography: P 252-59; Appendix: P 247-48
650 ## - SUBJECT ADDED ENTRY--TOPICAL TERM
Topical term or geographic name entry element Woman Sociology
942 ## - ADDED ENTRY ELEMENTS (KOHA)
Classification part Y15.687.N5, P5
Koha item type General Books
Source of classification or shelving scheme Colon Classification (CC)
Holdings
Withdrawn status Lost status Damaged status Not for loan Home library Current library Date acquired Total Checkouts Full call number Barcode Date last seen Price effective from Koha item type
        Ratan Tata Library Ratan Tata Library 2022-09-26   Y15.687.N5 P5 RT1324117 2022-09-26 2022-09-26 General Books
Copyright @ Delhi University Library System